<?xml version="1.0" encoding="UTF-8"?>
<record
    xmlns:xsi="http://www.w3.org/2001/XMLSchema-instance"
    xsi:schemaLocation="http://www.loc.gov/MARC21/slim http://www.loc.gov/standards/marcxml/schema/MARC21slim.xsd"
    xmlns="http://www.loc.gov/MARC21/slim">

  <leader>00564nam a2200193 a 4500</leader>
  <controlfield tag="001">5850</controlfield>
  <controlfield tag="003">CDMR</controlfield>
  <controlfield tag="005">20131025134127.0</controlfield>
  <controlfield tag="008">130220s2004||||||||||||||||||||||||||||d</controlfield>
  <datafield tag="040" ind1=" " ind2=" ">
    <subfield code="a">CDMR</subfield>
    <subfield code="b">cat</subfield>
    <subfield code="c">CDMR</subfield>
  </datafield>
  <datafield tag="100" ind1="1" ind2=" ">
    <subfield code="a">Couso, Jos&#xE9;</subfield>
    <subfield code="9">2874</subfield>
  </datafield>
  <datafield tag="245" ind1="1" ind2="0">
    <subfield code="a">Jos&#xE9; Couso</subfield>
    <subfield code="b">: la mirada inc&#xF3;moda</subfield>
    <subfield code="c">Javier Couso [Pr&#xF2;leg]</subfield>
  </datafield>
  <datafield tag="250" ind1=" " ind2=" ">
    <subfield code="a">2a ed.</subfield>
  </datafield>
  <datafield tag="260" ind1=" " ind2=" ">
    <subfield code="a">[Madrid]</subfield>
    <subfield code="b">Hermanos, compa&#xF1;eros y amigos de Jos&#xE9; Couso</subfield>
    <subfield code="c">[2004]</subfield>
  </datafield>
  <datafield tag="300" ind1=" " ind2=" ">
    <subfield code="a">174 p. ;</subfield>
    <subfield code="c">17 cm</subfield>
  </datafield>
  <datafield tag="650" ind1="0" ind2="4">
    <subfield code="9">2560</subfield>
    <subfield code="a">Corresponsals de guerra</subfield>
  </datafield>
  <datafield tag="650" ind1="0" ind2="4">
    <subfield code="9">3582</subfield>
    <subfield code="a">Guerra d'Iraq, 2003-2011</subfield>
  </datafield>
  <datafield tag="942" ind1=" " ind2=" ">
    <subfield code="c">MON</subfield>
    <subfield code="2">udc</subfield>
  </datafield>
  <datafield tag="999" ind1=" " ind2=" ">
    <subfield code="c">5850</subfield>
    <subfield code="d">5850</subfield>
  </datafield>
  <datafield tag="952" ind1=" " ind2=" ">
    <subfield code="0">0</subfield>
    <subfield code="1">0</subfield>
    <subfield code="4">0</subfield>
    <subfield code="7">0</subfield>
    <subfield code="a">CDMR</subfield>
    <subfield code="b">CDMR</subfield>
    <subfield code="d">2013-02-20</subfield>
    <subfield code="l">0</subfield>
    <subfield code="o">Bk /40</subfield>
    <subfield code="p">CDMR131083138</subfield>
    <subfield code="r">2013-02-20</subfield>
    <subfield code="w">2013-02-20</subfield>
    <subfield code="y">MON</subfield>
  </datafield>
</record>
